Basic Slovak
Salvato in:
| Autore principale: | |
|---|---|
| Natura: | Libro |
| Lingua: | slovacco inglese |
| Pubblicazione: |
Bratislava
Slovenské pedagogické nakladateľstvo
2008
|
| Edizione: | 7. vyd. |
| Soggetti: | |
| Accesso online: | Visualizza in OPAC |
| Tags: |
Nessun Tag, puoi essere il primo ad aggiungerne!!
|
MARC
| LEADER | 00000nam a2200000 a 4500 | ||
|---|---|---|---|
| 005 | 20260127134146.0 | ||
| 008 | 081008s2008 xo 0 00 slo c | ||
| 020 | |c 9788010012725 | ||
| 035 | |a vtls009344103 | ||
| 039 | 9 | |y 200810080742 |z mschk03 | |
| 040 | |a STUSCHK1 |b slo |c STUSCHK1 | ||
| 041 | |a slo |a eng | ||
| 044 | |a [CS] | ||
| 080 | |a 811.162.4(075.8) |2 2001 | ||
| 100 | 1 | |a Mistrík, Jozef, |d 1921-2000 |9 860 | |
| 245 | 0 | |a Basic Slovak |c Jozef Mistrík | |
| 250 | |a 7. vyd. | ||
| 260 | |a Bratislava |b Slovenské pedagogické nakladateľstvo |c 2008 | ||
| 300 | |a 157 s., 7,54 AH |b Sch. |c 21 cm | ||
| 650 | 0 | 7 | |a slovenčina |2 SNKPH |
| 655 | 7 | |a učebnice pre cudzincov |2 SNKPH | |
| 910 | |a SCHK95 | ||
| 910 | |a 978-80-10-01272-5 | ||
| 954 | |a slovenčina |x učebnice pre cudzincov | ||
| 999 | |c 5438 |d 5438 | ||